1955 1035 1693 1931 1115 1566 1557 1821 1234 1059 1041 1346 1607 1271 1757 1394 1694 1514 1039 1386 1800 1689 1500 1343 1987 1545 1921 1290 1346 1114 1312 1813 1938 1392 1772 1131 1730 1930 1330 1964 1677 1344 1400 1125 1196 1849 1748 1514 1990 1661 1686 1333 1613 1646 1536 1259 1118 1810 1238 1264 1175 1943 1774 1607 1363 1524 1061 1465 1121 1618 1720 1871 1480 1356 1616 1152 1732 1714 1551 1269 1590 1964 1651 1326 1538 1430 1820 1096 1981 1017 1071 1387 1263 1310 1422 1729 1373 1663 1120 BCNSPRNW ULIB Ver.6.0+V

เปลี่ยนเป็นภาษาไทย

Change to English
 แสดงรายละเอียดบรรณานุกรม
  กลับหน้าหลัก

Brief Record : Get Marc (ISO 2709) : E-mail record : QR code < ปิดหน้าต่าง
LEADER : 00000nam 2200000uu 4500
001    13399112183
003     ULIB
008    110729s2548||||th 000 0 tha d
020    9741332521
050  4 HD62.6^bว546พ 2548
100 0  วันชัย มีชาติ
245 10 พฤติกรรมการบริหารองค์การสาธารณะ /^cวันชัย มีชาติ
250    พิมพ์ครั้งที่ 1
260    [กรุงเทพฯ] :^bโครงการผลิตตำราและเอกสารการสอน คณะรัฐศาสตร์จุฬาลงกรณ์มหาวิทยาลัย,^c2548
300    362 หน้า :^bภาพประกอบ ;^c22 ซม.
650  4 องค์กร^xพฤติกรรม^xการบริหาร
650  4 การบริหารองค์การ
710 2  จุฬาลงกรณ์มหาวิทยาลัย. ^bคณะรัฐศาสตร์.^bโครงการผลิตตำราและเอกสารการสอน
945    ^p190^l0^i017005
995    ทศพร
999 ^a ทศพร
รายการนี้ยังไม่มีแท็ก
คุณยังไม่ได้ล็อกอิน คุณสามารถมีกิจกรรมร่วมกับเว็บไซต์ได้ แต่ต้องล็อกอินก่อน ::
  ล็อกอิน

รายการสื่อสารสนเทศ

ลำดับที่ ประเภท เลขเรียก/บาร์โค้ด สถานที่ สถานะ
- ไม่พบข้อมูล -

รายการใกล้เคียง
    หัวเรื่อง [การบริหารองค์การ]

BibComment


ยังไม่เคยถูกคอมเมนท์

คอมเมนท์ทรัพยากรรายการนี้
  คอมเมนท์: พฤติกรรมการบริหาร..


 Copyright 2026. Bcnsprnw @Library